00775nab a2200193uuc450000100070000000500170000700800410002403500110006503500210007604000130009704100080011010000300011824501480014865000430029665000410033970000420038070000340042277301250045699485420240201204309.0060926e20051201 spa  a994854 a(OCoLC)820363408 ccomduadb aspa10aZemerno, Ana I.4auteaut10aRedes semanticas naturales : tecnica para representar los significados que los jovenes tienen sobre television, internet y expectativas de vida aJuventud e innovaciones tecnológicas aMedios de comunicación y jóvenes10aArellano Ceballos, Aidee C.4auteaut10aRamirez, Vanessa A.4auteaut0 tEstudios sobre las Culturas Contemporáneas (Colima)gVol. 11, No. 22, Dic. 2005, p. 305-334w527570x1405-22100127915